000 01457nam a2200325 a 4500
001 BRCA_3069
005 20190320204108.0
008 260109s1812----fr-a---###---#000-0#fre-u
041 _afre
044 _afr
084 _a377
_b.R47
_c1812
100 1 _aCervantes Saavedra, Miguel de
_d1547-1616
_9213
245 1 0 _aDon Quichotte de la Manche
_cMiguel de Cervantes Saavedra ; Traduit de L´Espagnol par Florian.
260 _aParís
_bAnt. Aug. Renouard
_c1812
300 _a4 v.
_bil.
_c14 cm.
440 0 _aOeuvres de Florian : Don Quichotte
_98393
500 _aContenido : v 1. Primera parte. Advertencia del traductor. Prólogo del autor. Texto. -- v 2. Texto. -- v 3. Segunda parte. Prefacio del traductor. Prólogo del autor. Texto. -- v 4. Texto
500 _aEdición : Ouvrage Posthume
500 _aEdición arreglada conforme a las anteriores de Briand; con láminas grabadas por Macret y Bigant. Piel; planos orlados, lomeras con adornos dorados Lúdovik Osterc
500 _aQM299
546 _aTexto en : francés
650 1 4 _aNovela española
_yÉpoca clásica, 1500-1700
_9215
650 1 4 _aLiteratura española
_yÉpoca clásica, 1500-1700
_9216
650 1 4 _aNovela española
_ySiglo XVII
_9217
650 1 4 _aDon Quijote (Personaje ficticio)
_eNovela
_9218
700 1 _aFlorian, Jean-Pierre Claris de
_d1755-1794
_eTraductor
_98394
740 0 _aEl Ingenioso Hidalgo Don Quijote de la Mancha
902 _aQFM
942 _2lcc
_cB
999 _c2805
_d2805